<?xml version="1.0" encoding="UTF-8"?>
<record
    xmlns:xsi="http://www.w3.org/2001/XMLSchema-instance"
    xsi:schemaLocation="http://www.loc.gov/MARC21/slim http://www.loc.gov/standards/marcxml/schema/MARC21slim.xsd"
    xmlns="http://www.loc.gov/MARC21/slim">

  <leader>01336ngm a2200385uu 4500</leader>
  <controlfield tag="001">1507068</controlfield>
  <controlfield tag="005">20260508092745.0</controlfield>
  <controlfield tag="007">vd||v</controlfield>
  <controlfield tag="008">180921s2005                        spa  </controlfield>
  <datafield tag="035" ind1=" " ind2=" ">
    <subfield code="a">1507068</subfield>
  </datafield>
  <datafield tag="040" ind1=" " ind2=" ">
    <subfield code="c">comduadb</subfield>
  </datafield>
  <datafield tag="041" ind1=" " ind2=" ">
    <subfield code="a">spa</subfield>
  </datafield>
  <datafield tag="080" ind1=" " ind2=" ">
    <subfield code="a">H/DVD</subfield>
  </datafield>
  <datafield tag="100" ind1="1" ind2="0">
    <subfield code="a">West, Samuel</subfield>
    <subfield code="4">nrt</subfield>
    <subfield code="e">nrt</subfield>
    <subfield code="9">778980</subfield>
  </datafield>
  <datafield tag="245" ind1="1" ind2="0">
    <subfield code="a">Auschwitz : los nazis y la soluci&#xF3;n final</subfield>
  </datafield>
  <datafield tag="260" ind1=" " ind2=" ">
    <subfield code="a">Reino Unido :</subfield>
    <subfield code="b">BBC,</subfield>
    <subfield code="c">2005 ;</subfield>
    <subfield code="a">Espa&#xF1;a :</subfield>
    <subfield code="b">Sagrera TV,</subfield>
    <subfield code="c">2005.</subfield>
  </datafield>
  <datafield tag="300" ind1=" " ind2=" ">
    <subfield code="a">1 DVD</subfield>
  </datafield>
  <datafield tag="650" ind1=" " ind2=" ">
    <subfield code="a">Documentales - Historia y critica</subfield>
    <subfield code="9">181095</subfield>
  </datafield>
  <datafield tag="650" ind1=" " ind2=" ">
    <subfield code="a">Nazismo - Aspectos morales y &#xE9;ticos</subfield>
    <subfield code="9">211904</subfield>
  </datafield>
  <datafield tag="650" ind1=" " ind2=" ">
    <subfield code="a">Campos de concentraci&#xF3;n - Alemania</subfield>
    <subfield code="9">50950</subfield>
  </datafield>
  <datafield tag="650" ind1=" " ind2=" ">
    <subfield code="a">Alemania - Historia, 1933-1945</subfield>
    <subfield code="9">65331</subfield>
  </datafield>
  <datafield tag="650" ind1=" " ind2=" ">
    <subfield code="a">Totalitarismo - Nazismo</subfield>
    <subfield code="9">171893</subfield>
  </datafield>
  <datafield tag="700" ind1="1" ind2="0">
    <subfield code="a">Hunt, Linda</subfield>
    <subfield code="4">nrt</subfield>
    <subfield code="e">nrt</subfield>
    <subfield code="9">778981</subfield>
  </datafield>
  <datafield tag="700" ind1="1" ind2="0">
    <subfield code="a">Rees, Laurece</subfield>
    <subfield code="4">drt</subfield>
    <subfield code="e">drt</subfield>
    <subfield code="9">778982</subfield>
  </datafield>
  <datafield tag="700" ind1="1" ind2="0">
    <subfield code="a">Tatge, Catherine</subfield>
    <subfield code="4">drt</subfield>
    <subfield code="e">drt</subfield>
    <subfield code="9">778983</subfield>
  </datafield>
  <datafield tag="700" ind1="1" ind2="0">
    <subfield code="a">Bergen, Doris</subfield>
    <subfield code="4">aus</subfield>
    <subfield code="e">aus</subfield>
    <subfield code="9">780669</subfield>
  </datafield>
  <datafield tag="700" ind1="1" ind2="0">
    <subfield code="a">Callaway, Megan</subfield>
    <subfield code="4">aus</subfield>
    <subfield code="e">aus</subfield>
    <subfield code="9">777269</subfield>
  </datafield>
  <datafield tag="700" ind1="1" ind2="0">
    <subfield code="a">Orenstein, David</subfield>
    <subfield code="4">aus</subfield>
    <subfield code="e">aus</subfield>
    <subfield code="9">777270</subfield>
  </datafield>
  <datafield tag="700" ind1="1" ind2="0">
    <subfield code="a">Rees, Laurence</subfield>
    <subfield code="4">aus</subfield>
    <subfield code="e">aus</subfield>
    <subfield code="9">336795</subfield>
  </datafield>
  <datafield tag="700" ind1="1" ind2="0">
    <subfield code="a">Massot-Kleiner, Joan</subfield>
    <subfield code="4">nrt</subfield>
    <subfield code="e">nrt</subfield>
    <subfield code="9">781520</subfield>
  </datafield>
  <datafield tag="700" ind1="1" ind2="0">
    <subfield code="a">Sutherland, Dominic</subfield>
    <subfield code="4">drt</subfield>
    <subfield code="e">drt</subfield>
    <subfield code="9">783893</subfield>
  </datafield>
  <datafield tag="700" ind1="1" ind2="0">
    <subfield code="a">Egea, David</subfield>
    <subfield code="4">trl</subfield>
    <subfield code="e">trl</subfield>
    <subfield code="9">781417</subfield>
  </datafield>
  <datafield tag="700" ind1="1" ind2="0">
    <subfield code="a">Galiana S&#xE1;nchez, Maria Eugenia</subfield>
    <subfield code="4">nrt</subfield>
    <subfield code="e">nrt</subfield>
    <subfield code="9">375485</subfield>
  </datafield>
  <datafield tag="942" ind1=" " ind2=" ">
    <subfield code="c">BOOK</subfield>
  </datafield>
  <datafield tag="999" ind1=" " ind2=" ">
    <subfield code="c">784387</subfield>
    <subfield code="d">784387</subfield>
  </datafield>
  <datafield tag="952" ind1=" " ind2=" ">
    <subfield code="0">0</subfield>
    <subfield code="1">0</subfield>
    <subfield code="4">0</subfield>
    <subfield code="7">0</subfield>
    <subfield code="8">DIGITAL</subfield>
    <subfield code="a">CISH</subfield>
    <subfield code="b">CISH</subfield>
    <subfield code="d">2018-09-21</subfield>
    <subfield code="e">Material adquirido por donaci&#xF3;n</subfield>
    <subfield code="i">C1296035</subfield>
    <subfield code="l">0</subfield>
    <subfield code="o">H/DVD-13153</subfield>
    <subfield code="p">15988596</subfield>
    <subfield code="r">2023-05-04 00:00:00</subfield>
    <subfield code="t">1</subfield>
    <subfield code="w">2023-05-04</subfield>
    <subfield code="y">DIGITAL</subfield>
  </datafield>
</record>
